00371nam a2200121Ia 45000010005000000080041000050820027000461000075000732450035001482600024001839010027002079990015002344577241024s9999 xx 000 0 und d aRD/615/C733m/2012-2016 aComisión Presidencial de Política Farmacéutica Nacional. COPPFAN 0aMemoria de gestión 2012-2016 bSanto Domingoc2016 a11/1/2017 2:26:38 p.m. c8073d8073